Santo Tomás y el estado mundial
I tiakina i:
| Kaituhi matua: | |
|---|---|
| Hōputu: | Pukapuka |
| Reo: | Pāniora |
| I whakaputaina: |
Madrid
Revista de Occidente
1952
|
| Ngā marau: | |
| Ngā Tūtohu: |
Tāpirihia he Tūtohu
Kāore He Tūtohu, Me noho koe te mea tuatahi ki te tūtohu i tēnei pūkete!
|
MARC
| LEADER | 00000nam a2200000 a 4500 | ||
|---|---|---|---|
| 001 | UCV0999 | ||
| 003 | CL-VaPUC | ||
| 008 | 890821e19520000SP |||||||||||||||||spa|d | ||
| 082 | 0 | 4 | |a 189 |b HUT |2 21 |
| 100 | |a Hutchins, Robert Maynard |e autor |9 486404 | ||
| 245 | 1 | 0 | |a Santo Tomás y el estado mundial |
| 300 | |a 72 p | ||
| 942 | |c BK | ||
| 945 | |d 19890821 00:00:00 | ||
| 260 | |a Madrid |b Revista de Occidente |c 1952 | ||
| 600 | 0 | |a Tomás de Aquino |d 1220-1274 |c Santo |9 255832 | |
| 650 | 7 | |a ORGANIZACION INTERNACIONAL |2 CL-VaPUC |9 255741 | |
| 650 | 0 | |a Filosofía del derecho |9 255050 | |
| 650 | 0 | |a Crítica e interpretación |9 255042 | |
| 583 | |a last modification |c 19890821 00:00:00 |k Rodrigo Vera | ||
| 999 | |c 209119 |d 209117 | ||
| 952 | |0 0 |1 0 |4 0 |6 189_000000000000000_HUT_1952 |7 0 |8 DER_TF |9 184305 |a BIBDER |b BIBDER |d 2019-11-14 |i 2515091 |o 189 HUT 1952 |p 2515091 |r 2023-01-25 |w 2019-11-14 |x Ubicación 4to Piso |y BK |z Estos recursos deben solicitarse con anticipación |k DER | ||